[Event "EST-ch U16 Girls"]
[Site "Tallinn"]
[Date "2016.05.21"]
[Round "5"]
[White "Olde, Margareth"]
[Black "Koloskova, Valeria"]
[Result "1-0"]
[WhiteElo "1993"]
[BlackElo "1211"]
[PlyCount "51"]
[EventDate "2016.05.19"]
[EventType "swiss"]
[EventRounds "7"]
[EventCountry "EST"]
[SourceTitle "EXT 2018"]
[Source "ChessBase"]
[SourceDate "2017.10.13"]
[SourceVersion "1"]
[SourceVersionDate "2017.10.13"]
[SourceQuality "1"]

1. c4 c5 2. Nc3 Nc6 3. g3 e5 4. Bg2 Nf6 5. e3 d6 6. d3 Be7 7. Nge2 Be6 8. 0-0 0-0 9. f4 Qd7 10. Nd5 Rad8 11. Nec3 a6 12. a3 a5 13. Nb5 Rb8 14. e4 b6 15. Nxf6+ Bxf6 16. f5 Bxf5 17. Rxf5 Nd4 18. Nxd4 exd4 19. Bd2 Ra8 20. Qf1 Qe7 21. e5 dxe5 22. Bxa8 Rxa8 23. Qf3 Re8 24. Re1 Rd8 25. g4 g5 26. Rxf6 1-0

[Event "EST-ch U16 Girls"]
[Site "Tallinn"]
[Date "2016.05.20"]
[Round "3"]
[White "Sild, Marta Pauliine"]
[Black "Koloskova, Valeria"]
[Result "0-1"]
[WhiteElo "1331"]
[BlackElo "1211"]
[PlyCount "116"]
[EventDate "2016.05.19"]
[EventType "swiss"]
[EventRounds "7"]
[EventCountry "EST"]
[SourceTitle "EXT 2018"]
[Source "ChessBase"]
[SourceDate "2017.10.13"]
[SourceVersion "1"]
[SourceVersionDate "2017.10.13"]
[SourceQuality "1"]

1. e4 e5 2. Bc4 Nc6 3. d3 Nf6 4. Nc3 Bb4 5. Bd2 d6 6. h3 b6 7. Nf3 Bb7 8. 0-0 a5 9. a3 Bxc3 10. Bxc3 0-0 11. Re1 Bc8 12. Bb5 Bd7 13. Bc4 Ne7 14. d4 exd4 15. Bxd4 Nc6 16. Bc3 Re8 17. e5 dxe5 18. Nxe5 Nxe5 19. Rxe5 Rxe5 20. Bxe5 c6 21. Qf3 Qe7 22. Bxf6 Qxf6 23. Qxf6 gxf6 24. Rd1 Be8 25. Kf1 a4 26. Rd6 Kg7 27. Bd3 Ra5 28. f4 f5 29. Rd8 Kf8 30. Rb8 b5 31. Bxf5 Ra7 32. Rd8 h5 33. Be4 Rc7 34. Rd6 Ke7 35. Rh6 f6 36. Bf3 c5 37. Bxh5 Bd7 38. Rh7+ Kd6 39. Bg4 f5 40. Bf3 b4 41. g4 Bb5+ 42. Kg2 Rxh7 43. g5 Ke6 44. Kg3 Kf7 45. h4 Kg7 46. h5 Be8 47. h6+ Kg8 48. Kh4 Rd7 49. Bc6 Re7 50. Bd5+ Kh7 51. Bf3 Re3 52. Bd1 bxa3 53. bxa3 Rxa3 54. c4 Rc3 55. g6+ Bxg6 56. Bxa4 Rxc4 57. Bb5 Rxf4+ 58. Kg3 Re4 0-1